书目信息 |
| 题名: |
新课程理念下数学探究案例研究
|
|
| 作者: | 周连民 著 | |
| 分册: | ||
| 出版信息: | 北京 中国国际广播出版社 2018.2 |
|
| 页数: | 180页 | |
| 开本: | 21cm | |
| 丛书名: | ||
| 单 册: | ||
| 中图分类: | G634.603 | |
| 科图分类: | ||
| 主题词: | 中学数学课--高中--教学参考资料 | |
| 电子资源: | ||
| ISBN: | 978-7-5078-4199-2 | |
| 000 | 00895nam0 2200217 450 | |
| 001 | 441 | |
| 005 | 20180922115420.99 | |
| 010 | @a978-7-5078-4199-2@dCNY40.00 | |
| 100 | @a20180305d2018 em y0chiy0110 ea | |
| 101 | 0 | @achi |
| 102 | @aCN@b110000 | |
| 105 | @ay z 000yy | |
| 200 | 1 | @a新课程理念下数学探究案例研究@9xin ke cheng li nian xia shu xue tan jiu an li yan jiu@f周连民著 |
| 210 | @a北京@c中国国际广播出版社@d2018.2 | |
| 215 | @a180页@d21cm | |
| 330 | @a本书主要介绍了高中生如何通过自主学习,发现数学问题。并通过自主、探究数学的学习过程,养成终身学习探索的习惯。学会以《几何画板》为工具探究学习数学问题。本书共分三章:第一章是:专家引领学会探究;第二章:探究性学习的重要类型;第三章:几何画板与探究案例研究. | |
| 606 | 0 | @a中学数学课@x高中@j教学参考资料 |
| 690 | @aG634.603@v5 | |
| 701 | 0 | @a周连民@9zhou lian min@4著 |
| 801 | 0 | @aCN@b91CIP@c20180305 |
| 905 | @aMuseLib@dG634.603@e1386 | |
| 新课程理念下数学探究案例研究/周连民著.-北京:中国国际广播出版社,2018.2 |
| 180页;21cm |
| ISBN 978-7-5078-4199-2:CNY40.00 |
| 本书主要介绍了高中生如何通过自主学习,发现数学问题。并通过自主、探究数学的学习过程,养成终身学习探索的习惯。学会以《几何画板》为工具探究学习数学问题。本书共分三章:第一章是:专家引领学会探究;第二章:探究性学习的重要类型;第三章:几何画板与探究案例研究. |
| ● |
| 相关链接 |
|
|
|
|
正题名:新课程理念下数学探究案例研究
索取号:G634.603/1386
 
预约/预借
| 序号 | 登录号 | 条形码 | 馆藏地/架位号 | 状态 | 备注 |
| 1 | 1119894 | 211198942 | 第一样本阅览室/ [索取号:G634.603/1386] | 在馆 | |
| 2 | 1119895 | 211198951 | 第四借阅区/ [索取号:G634.603/1386] | 在馆 | |
| 3 | 1119896 | 211198960 | 第四借阅区/ [索取号:G634.603/1386] | 在馆 | |
| 4 | 1119897 | 211198979 | 第四借阅区/ [索取号:G634.603/1386] | 在馆 | |
| 5 | 1119898 | 211198988 | 第四借阅区/ [索取号:G634.603/1386] | 在馆 |